00391nam a2200145Ia 4500003000900000008004100009020002200050040001600072080001700088100001600105245004700121260003100168300001500199650003100214IN-BaIIA211028s9999 xx 000 0 eng d a978 1483 144 71 9 cIIA Library a621.1bJON-1 aJones, E. B 0aInstrument technologybvol. 1cE. B. Jones aLondonbButterworthsc1953 axii, 315p. aInstrumentation technology